| 000 | 00626 a2200241 4500 | ||
|---|---|---|---|
| 003 | 0 | ||
| 005 | 20160609161549.0 | ||
| 008 | 100803t xxu||||| |||| 00| 0 eng d | ||
| 020 | _a2-02-004260-6 | ||
| 040 | _aBUAC | ||
| 041 | _aFr. | ||
| 082 | _a140 | ||
| 100 |
_aLefebvre, Henri _97948 |
||
| 245 |
_aL'idéologie structuraliste _c/ Henri Lefebvre |
||
| 260 |
_aParis : _bEd. Anthropos, _c1971 |
||
| 300 | _a251 p. | ||
| 300 | _b18 cm. | ||
| 440 |
_a(Collection Points. Sciences huamines _n66) _97949 |
||
| 630 |
_aPHILOSOPHIE _97950 |
||
| 650 |
_aStructuralisme : philosophie _97951 |
||
| 942 | _cLIVR | ||
| 999 |
_c39425 _d39425 |
||